365 days of smiles / (Record no. 19519)
[ view plain ]
| 000 -LEADER | |
|---|---|
| fixed length control field | 00536nam a22001697a 4500 |
| 008 - FIXED-LENGTH DATA ELEMENTS--GENERAL INFORMATION | |
| fixed length control field | 240304b ||||| |||| 00| 0 eng d |
| 020 ## - INTERNATIONAL STANDARD BOOK NUMBER | |
| International Standard Book Number | 9788854413047 |
| 082 ## - DEWEY DECIMAL CLASSIFICATION NUMBER | |
| Classification number | DC 306 |
| Item number | D361 2018 |
| 100 ## - MAIN ENTRY--PERSONAL NAME | |
| Personal name | De Fabianis, Valeria Manferto. |
| 9 (RLIN) | 53968 |
| 245 ## - TITLE STATEMENT | |
| Title | 365 days of smiles / |
| Statement of responsibility, etc. | Valeria Manferto De Fabianis |
| 260 ## - PUBLICATION, DISTRIBUTION, ETC. (IMPRINT) | |
| Place of publication, distribution, etc. | Italy : |
| Name of publisher, distributor, etc. | White star publisher, |
| Date of publication, distribution, etc. | ©2018. |
| 300 ## - PHYSICAL DESCRIPTION | |
| Extent | [380 pages] : |
| Other physical details | color illustrations ; |
| Dimensions | 21 cm. |
| 500 ## - GENERAL NOTE | |
| General note | Includes index. |
| 650 ## - SUBJECT ADDED ENTRY--TOPICAL TERM | |
| Topical term or geographic name as entry element | Happiness. |
| 9 (RLIN) | 54341 |
| 650 ## - SUBJECT ADDED ENTRY--TOPICAL TERM | |
| Topical term or geographic name as entry element | Well-being. |
| 9 (RLIN) | 54342 |
| 942 ## - ADDED ENTRY ELEMENTS (KOHA) | |
| Source of classification or shelving scheme | Dewey Decimal Classification |
| Koha item type | Circulation |
| Withdrawn status | Lost status | Source of classification or shelving scheme | Damaged status | Not for loan | Collection code | Home library | Current library | Shelving location | Date acquired | Source of acquisition | Cost, normal purchase price | Total Checkouts | Full call number | Barcode | Date last seen | Date last checked out | Price effective from | Koha item type |
|---|---|---|---|---|---|---|---|---|---|---|---|---|---|---|---|---|---|---|
| Dewey Decimal Classification | Circulation | UM Digos College - LIC | UM Digos College - LIC | Book Cart | 12/21/2023 | Purchased | 350.00 | 1 | DC 306 D361 2018 | 28024 | 05/15/2025 | 10/15/2024 | 03/04/2024 | Circulation |
